| 000 | 00565 a2200169 4500 | ||
|---|---|---|---|
| 003 | Nust | ||
| 005 | 20170207171536.0 | ||
| 020 | _a9781591583400 | ||
| 040 | _cNust | ||
| 082 | _a028.7 071 | ||
| 100 | _aRadcliff, Carolyn J. | ||
| 245 |
_aA practical guide to information literacy assessment for academic librarians (EBOOK) _cCarolyn J. Radcliff, Mary Lee Jensen, Joseph A. Salem. |
||
| 260 |
_aNew York _bLibraries Unlimited _c2007 |
||
| 300 | _a196 p. | ||
| 650 | _aInformation literacy—Study and teaching (Higher) | ||
| 651 | _aInformation literacy—Ability testing | ||
| 942 |
_2ddc _cBK |
||
| 999 |
_c217274 _d217274 |
||